000 00482nam a2200181Ia 4500
003 OSt
005 20251203105158.0
008 250729s2007 xx 000 0 und d
040 _cAL
041 _akan
082 _a370 YADU
100 _aಯಾದವಾಡ ಎಸ್ ಬಿ
_9225448
245 _aಉದಯೋನ್ಮುಖ ಭಾರತದಲ್ಲಿ ಶಿಕ್ಷಣ
260 _aಗದಗ
_c2007
300 _a281p
650 _aEducation
_9225449
942 _2ddc
_cBED
999 _c236916
_d236916